000 00311nam a2200133 i 4500
001 bg
100 1 _aSHAW, B. R.
245 0 _aPersonalized Computational Skills Program /
_cB.R. Shaw.
260 _aDallas,
_c1981.
040 _cBPK
041 _apol
942 _cKS
008 s pl f |000 0 pol
999 _c5467
_d5467
856 _uhttp://koha.tu.koszalin.pl/cgi-bin/koha/opac-detail.pl?biblionumber=5467
_yKatalog online BPK